000
00319nam a2200133 a 4500
005
20210219152801.0
008
991125n 000 0 eng u
022
_a
0308-0587
035
_a
UPN01000061088
245
0
0
_a
MODERN ENGLISH TEACHER
260
_b
Macmillan Elt
310
_a
4 veces al año
905
_a
Revista
999
_c
60749
_d
60749